[Event "St Petersburg Korchnoi Memorial op"]
[Site "St Petersburg"]
[Date "2024.08.17"]
[Round "1"]
[White "Bogomazov, Mikhail"]
[Black "Chumaevskiy, Arseniy"]
[Result "1/2-1/2"]
[WhiteElo "1797"]
[BlackElo "2172"]
[PlyCount "105"]
[EventDate "2024.08.17"]
[EventType "swiss"]
[EventRounds "9"]
[EventCountry "RUS"]
[SourceTitle "CBM 221 Extra"]
[Source "ChessBase"]
[SourceDate "2024.09.30"]
[SourceVersion "1"]
[SourceVersionDate "2024.09.30"]
[SourceQuality "1"]

1. e4 c5 2. Nf3 d6 3. d4 cxd4 4. Nxd4 Nf6 5. Nc3 a6 6. Bg5 Nbd7 7. Bc4 h6 8. Be3 Qc7 9. Qe2 b5 10. Bb3 Bb7 11. f3 e6 12. 0-0-0 Nc5 13. a3 Nxb3+ 14. Nxb3 Be7 15. g4 d5 16. exd5 Nxd5 17. Nxd5 Bxd5 18. Kb1 Qc4 19. Qxc4 bxc4 20. Nd2 c3 21. bxc3 Rb8+ 22. Ka1 Bxa3 23. c4 Bc6 24. Bf4 Rc8 25. Rb1 a5 26. Be5 Bb4 27. Bxg7 Rh7 28. c3 Rxg7 29. cxb4 axb4 30. Kb2 Rd8 31. Kc2 f5 32. h3 Rgd7 33. Rh2 b3+ 34. Kc1 Ba4 35. Ra1 Rxd2 36. Rxd2 b2+ 37. Kxb2 Rxd2+ 38. Kc3 Rc2+ 39. Kd3 Bb3 40. Rb1 Ba4 41. Ra1 Bb3 42. Rb1 Rf2 43. Ke3 Rc2 44. Rxb3 Rxc4 45. Rb7 h5 46. gxf5 exf5 47. Rb5 Rh4 48. Rxf5 Ke7 49. Kf2 Ke6 50. Ra5 Rxh3 51. Kg2 Rh4 52. Kg3 Rh1 53. Kg2 1/2-1/2